000 00634nam a2200205Ia 4500
001 9264
003 GE_BSU
008 181216s||||||||xx |||||||||||||| ||und||
040 _cGE_BSU
080 _a621.314.213
100 _aЛипштеин,Р.А. Шахнович,М.И.
245 _aТрансформаторное масло.
245 _cГлав. ред. К.А.Андрианов, ред.Б.В.Лосиков.
260 _aМ.
260 _bЭнергия.
260 _c1964.
300 _a320 стр. 20 см. Библиогр.стр.301-317.
653 _aТрансформаторное масло.
942 _cBK
999 _c42565
_d42565